| 000 | 00972nam a22002777a 4500 | ||
|---|---|---|---|
| 003 | EG-ScBUE | ||
| 005 | 20220201101904.0 | ||
| 008 | 220201s2022 ua f 000 f ara d | ||
| 017 | _a2021/28275 | ||
| 020 | _a9789770937341 | ||
| 040 |
_aEG-ScBUE _bara _erda _cEG-ScBUE _dEG-ScBUE |
||
| 082 | 0 | 4 |
_222 _a892.737 _bم ر ا |
| 100 | 1 |
_aمراد، أحمد، _eمؤلف. _940895 |
|
| 245 | 1 | 2 |
_aالقتل للمبتدئين : _bلو لم أكن كاتبا، لوددت أن أكون قاتلا متسلسلا / _cأحمد مراد. |
| 250 | _aالطبعة الأولى. | ||
| 264 | 1 |
_aالقاهرة : _bدار الشروق، _c2022. |
|
| 300 |
_a332 صفحة ؛ _c24 سم |
||
| 336 |
_2rdacontent _aنص _btxt |
||
| 337 |
_2rdamedia _aبدون وسيط _bn |
||
| 338 |
_2rdacarrier _aمجلد _bnc |
||
| 541 | _aBook Fair 2022. | ||
| 650 | 7 |
_aالقصص العربية _zمصر _yقرن 21. _2BUEsh |
|
| 653 | _bARALIT | ||
| 655 |
_vReading book _934232 |
||
| 942 | _2ddc | ||
| 999 |
_c29758 _d29729 |
||